| 000 | 01600 a2200349 4500 | ||
|---|---|---|---|
| 020 | _a3540229302 | ||
| 040 |
_aDLC _bDLC |
||
| 100 | 1 | _aNikravesh, Masoud. | |
| 245 | 1 | 0 |
_aSoft Computing for Information Processing and Analysis _h[electronic resource] _cedited by Masoud Nikravesh, Lotfi A. Zadeh, Janusz Kacprzyk. |
| 260 |
_aBerlin, Heidelberg : _bSpringer-Verlag Berlin Heidelberg, _c2005. |
||
| 300 | _bv.: digital | ||
| 440 | 0 |
_aStudies in Fuzziness and Soft Computing, _v164 |
|
| 650 | 0 | _aArtificial intelligence | |
| 650 | 0 | _aAutomation | |
| 650 | 0 | _aEngineering | |
| 650 | 0 | _aEngineering mathematics | |
| 650 | 0 | _aInformation systems | |
| 650 | 0 | _aMathematics | |
| 650 | 0 | _aEngineering | |
| 650 | 0 | _aAppl.Mathematics/Computational Methods of Engineering | |
| 650 | 0 | _aArtificial Intelligence (incl. Robotics) | |
| 650 | 0 | _aAutomation and Robotics | |
| 650 | 0 | _aInformation and Communication, Circuits | |
| 650 | 0 | _aInformation Systems Applications (incl.Internet) | |
| 700 | 1 | _aKacprzyk, Janusz. | |
| 700 | 1 | _aZadeh, Lotfi A. | |
| 710 | 2 | _aSpringerLink (Online service) | |
| 856 | 4 | 0 | _uhttp://www.lub.lu.se/cgi-bin/ipchk/http://dx.doi.org/10.1007/3-540-32365-1 |
| 856 | 4 | 0 | _uhttp://link.libris.kb.se/sfxumub?url_ver=Z39.88-2004&ctx_ver=Z39.88-2004&ctx_enc=info:ofi/enc:UTF-8&rfr_id=info:sid/sfxit.com:opac_856&url_ctx_fmt=info:ofi/fmt:kev:mtx:ctx&sfx.ignore_date_threshold=1&rft.object_id=1000000000231523&svc_val_fmt=info:ofi/fmt:kev:mtx:sch_svc& |
| 856 | 4 | 0 | _uhttp://ezproxy.its.uu.se/login?url=http://dx.doi.org/10.1007/3-540-32365-1 |
| 942 |
_cBK _k006.3 NIK _2ddc |
||
| 999 |
_c6860 _d6860 |
||